| 000 | 01153nac a22003857a 4500 | ||
|---|---|---|---|
| 001 | BR7405219 | ||
| 003 | BR-BrBNA | ||
| 005 | 20240105113805.0 | ||
| 008 | 230509b bl.|||m| |||| 00| 0 por d | ||
| 040 |
_aBR-BrBNA _bpor _cBiblioteca Nacional de Agricultura |
||
| 072 | _aL30; L36; L74 | ||
| 090 | _a3710 BR7405219 | ||
| 100 | 1 | _aMaynard, L.A. | |
| 100 | 1 | _aLoosli, J.K. | |
| 245 | 1 | _aNutricao animal [Composicao de alimento; Disturbio animal] | |
| 250 | 1 | _a2. ed. | |
| 260 | 3 |
_aRio de Janeiro, RJ (Brasil): _bLivraria Freitas Bastos S.A., _c1974. |
|
| 300 | _a550 p. | ||
| 490 |
_aBiblioteca Tecnica Freitas Bastos (Brazil) _v _x |
||
| 500 | _a33 illus.; Translation of: Animal nutrition | ||
| 650 | _aNutricao animal | ||
| 650 | _aComposicao de alimento | ||
| 650 | _aDisturbio animal | ||
| 650 | _aCarboidrato | ||
| 650 | _aLipidio | ||
| 650 | _aProteina | ||
| 650 | _aVitamina | ||
| 650 | _aHormonio | ||
| 650 | _aDeficiencia nutricional | ||
| 650 | _aExigencia nutricional | ||
| 650 | _aMetabolismo | ||
| 650 | _aFisiologia nutricional | ||
| 909 |
_a202312 _bLúcia Elande _c55 _dLúcia Elande |
||
| 942 |
_2AGRIS _n0 _cMS |
||
| 999 |
_c265591 _d265591 |
||